000 00574nam a22001937a 4500
005 20180426122646.0
010 _aENG-122676
020 _a9789386338709
_c299.00
035 _aEN-106208
037 _bDBAD/PUB
082 _aN
100 _aAnanda Devi
245 _aEve out of her ruins /
_cby Ananda Devi [and] translated by Jeffrey Zuckerman
260 _aNew Delhi
_bSpeaking Tiger Publications
_c2017
270 _a4381/4, Ansari Road, Daryaganj,
_bNew Delhi
_e110002
300 _a174p.
_c21cm(pbk)
700 _aZuckerman, Jeffrey
942 _2ddc
_cEN
_mANA
_hN
999 _c151766
_d151766